Diseno sismico y verificacion inelastica de una estructura de marcos y muros segun el CSCR 2002
Salvato in:
| Autore principale: | |
|---|---|
| Natura: | Libro |
| Pubblicazione: |
[San José, Costa Rica]
2004
|
| Soggetti: | |
| Tags: |
Aggiungi Tag
Nessun Tag, puoi essere il primo ad aggiungerne!!
|
MARC
| LEADER | 00000nam a2200000Ia 4500 | ||
|---|---|---|---|
| 003 | 009266 | ||
| 005 | 20221231144141.0 | ||
| 008 | 140114s2003 cr a m 000 ||s d | ||
| 040 | |c cru CEDI | ||
| 090 | |a TFG 4806 | ||
| 100 | |a Valerín Baudrit, Diego |9 6660 | ||
| 245 | |a Diseno sismico y verificacion inelastica de una estructura de marcos y muros segun el CSCR 2002 | ||
| 260 | |c 2004 |a [San José, Costa Rica] | ||
| 300 | |a iv, 70, [47] hojas : ilustraciones | ||
| 500 | |a Proyecto de graduación (licenciatura en ingeniería civil)--Universidad de Costa Rica, Escuela de Ingeniería Civil | ||
| 650 | |x RESISTENCIA A LOS TERREMOTOS |x DISEÑO DE ESTRUCTURAS |x COLUMNAS |x MUROS |x VIGAS |x VELASTICIDAD |x DUCTILIDAD |9 6661 | ||
| 942 | |c TFG | ||
| 999 | |c 17627 |d 17627 | ||
